Normal view MARC view

Entry Nombre personal

Number of records used in: 2

001 - NÚMERO DE CONTROL

  • campo de control: 7618

003 - IDENTIFICADOR DE NÚMERO DE CONTROL

  • campo de control: Biblioxarxa

005 - FECHA Y HORA DE LA ÚLTIMA TRANSACCIÓN

  • campo de control: 20260505184350.0

008 - ELEMENTOS DE DATO DE LONGITUD-FIJA

  • campo de control de longitud fija: 260505|| aca||aabn | a|a d

040 ## - FUENTE DE CATALOGACIÓN

  • Centro catalogador/agencia de origen: Biblioxarxa
  • Centro/agencia transcriptor: Biblioxarxa

100 ## - ENCABEZAMIENTO-NOMBRE DE PERSONA

  • Nombre de persona: Chiang, Cliff

670 ## - FUENTE DE DATOS ENCONTRADOS

  • Cita de la fuente: Work cat.: (Biblioxarxa): Keller Vaughan, Brian [1976-] 7615, Paper girls, D.L. 2016-2020